[Event "Preinscritos IRT Online"]
[Site "Chess.com INT"]
[Date "2020.12.26"]
[Round "10"]
[White "Teran Mendez, Jose Gregorio"]
[Black "Mendoza Laaz, Jose Fredes"]
[Result "0-1"]
[WhiteElo "1177"]
[BlackElo "985"]
[PlyCount "24"]
[EventDate "2020.12.26"]
[EventType "swiss"]
[EventRounds "11"]
[EventCountry "ECU"]
[SourceTitle "CBM 200 Extra"]
[Source "ChessBase"]
[SourceDate "2021.03.31"]
[SourceVersion "1"]
[SourceVersionDate "2021.03.31"]
[SourceQuality "1"]

1. e4 e5 2. Nf3 Nc6 3. Bd3 Nf6 4. Nc3 d6 5. Bc4 Bg4 6. d3 Nd4 7. Be3 Nxf3+ 8. gxf3 Bh5 9. 0-0 Qd7 10. Bg5 Qh3 11. Ne2 Bxf3 12. Bd5 Qg2# 0-1

[Event "ECU-ch sf"]
[Site "Loja"]
[Date "2004.11.13"]
[Round "6"]
[White "Guerra Tulcan, Lenin"]
[Black "Mendoza Laaz, Jose Fredes"]
[Result "0-1"]
[WhiteElo "2090"]
[BlackElo "2213"]
[PlyCount "82"]
[EventDate "2004.11.10"]
[EventType "swiss"]
[EventRounds "7"]
[EventCountry "ECU"]
[SourceTitle "EXT 2005"]
[Source "ChessBase"]
[SourceDate "2004.11.15"]
[SourceVersion "1"]
[SourceVersionDate "2004.11.15"]
[SourceQuality "1"]

1. e4 c5 2. Nf3 Nc6 3. d4 cxd4 4. Nxd4 Nf6 5. Nc3 d6 6. Be2 e6 7. 0-0 Be7 8. Kh1 a6 9. f4 Qc7 10. a4 Bd7 11. Be3 0-0 12. Bf3 Na5 13. g4 Nc4 14. Bc1 d5 15. exd5 Rad8 16. Qe2 Bc8 17. g5 Nxd5 18. Nxd5 exd5 19. b3 Bc5 20. Qd3 Rfe8 21. c3 Nd6 22. Bxd5 b5 23. axb5 Bxd4 24. cxd4 Nxb5 25. Bg2 Rxd4 26. Qf3 Qc2 27. Qc6 Qe2 28. Ra2 Qe7 29. Raf2 Rd6 30. Qf3 Nd4 31. Qh5 Rb6 32. f5 Nxf5 33. Qd1 g6 34. Bb2 Bb7 35. Bf6 Bxg2+ 36. Rxg2 Qe4 37. Qc2 Qxc2 38. Rxc2 Rxb3 39. Rc6 Ra3 40. Rfc1 Ra2 41. R1c4 Re1# 0-1